| 000 | 00848cab a2200205 4500 | ||
|---|---|---|---|
| 001 | WB2704-35 | ||
| 008 | 090401t1991 xxu||||| |||| 00| 0 eng d | ||
| 035 | _a(Sirsi) u11840 | ||
| 041 | _aeng | ||
| 245 | _aNew property appointments | ||
| 260 | _c1991 | ||
| 350 | _a0 | ||
| 490 |
_aInland Revenue Press Release _v18 January 1991 DOE News Release No 30 21 January |
||
| 520 | _aMr R B Shutler FRICS FAAV has been appointed as Chief Executive designate of the new Valuation Office Agency . The vesting date for the new Agency is 30 September 1991. Neil Barrett has been appointed Director of DOE Property Holdings with responsibility for the Government`s civil property portfolio. | ||
| 650 | _aEXECUTIVE AGENCY | ||
| 650 | _aNEXT STEPS | ||
| 690 | _aMANAGEMENT-BUSINESS MANAGEMENT-PROFESSIONAL PRACTICE | ||
| 942 | _n0 | ||
| 948 | _c04/03/1997 | ||
| 999 |
_c7562 _d7562 |
||